000 00804nam a2200253Ia 4500
003 OSt
005 20220918171143.0
006 a|||||r|||| 00| 0
007 ta
008 220917b |||||||| |||| 00| 0 eng d
020 _a9781405108398 (hbk)
_c7846.05
024 _a232,513
037 _b144, 30/11/2007, Prachi Book Distributor
_cTextual
040 _aARTS
_cARTS
_beng
041 _2eng
_aeng
082 _aNA1,6g, P6-;1(RR)
100 _aMacDonald Sharon Ed.
_97910
245 0 _aCompanion to museum studies
260 _aMalden
_bBlackwell Publishing USA
_c2006
300 _axx,570p.
_ccm.
650 _aARCHITECTURE; ARTS
_92230
942 _hNA1,6g, P6-;1(RR)
_cTEXL
_2CC
999 _c138147
_d138147